000 00286nam a2200121Ia 4500
008 190723s9999 xx 000 0 und d
020 _a978-93-5119-400-2
100 _aDavid Wood
245 0 _aLinked Data
260 _aNew Delhi
_bDreamtech press
_c2014
300 _a276:p
942 _cBK
999 _c1573
_d1573